LEADER 02302nam0 2200457 i 450 001 RMS0044915 005 20251003044343.0 010 $a8815061983 020 $aIT$b98-5811 100 $a19971124d1997 ||||0itac50 ba 101 | $aita 102 $ait 181 1$6z01$ai $bxxxe 182 1$6z01$an 200 1 $aˆI ‰conti con il fascismo$el'epurazione in Italia, 1943-1948$fHans Woller 210 $aBologna$cIl mulino$d[1997] 215 $a603 p.$d21 cm 225 | $aBiblioteca storica 300 $aTrad. di Enzo Morandi. 410 0$1001CFI0001220$12001 $aBiblioteca storica 500 10$aˆDie ‰Abrechnung mit dem Faschismus in Italien, 1943 bis 1948.$3RMS0044948$9LO1V040425$92883844 606 $aFascisti$xEpurazione$x1943-1948$2FIR$3CFIC048243$9I 676 $a909.82$9STORIA MONDIALE, 1900-1999$v23 676 $a945.091$9STORIA D'ITALIA. 1918-1946$v19 676 $a945.091$9STORIA D'ITALIA. REGNO DI VITTORIO EMANUELE III, 1900-1946$v20 676 $a945.0916$9STORIA D'ITALIA. PERIODO DELLA RESISTENZA ARMATA E DELLA FINE DEL REGNO, 1943-1946$v20 676 $a945.0916$9STORIA. ITALIA. PERIODO DELLA RESISTENZA ARMATA E DELLA FINE DEL REGNO, 1943-1946$v21 676 $a945.092$9STORIA D'ITALIA. REPUBBLICA, 1946-$v12 686 $aIT/3423.7$cEPURAZIONE PROCESSI AI FASCISTI ITALIA 1945-1968$2R 700 1$aWoller$b, Hans$3LO1V040425$4070$0144287 801 3$aIT$bIT-000000$c19971124 850 $aIT-BN0095 $aIT-CE0011 $aIT-AV0011 $aIT-AV0007 $aIT-NA0230 901 $bNAP AH$cSALASTUDIO$nEx sala studio, ora secondo piano 901 $bNAP AV$cSEZ. M 3 $n$ 901 $bNAP AC$cCAT. 5. $n$ 901 $bNAP 01$cPOZZO LIB.$nVi sono collocati fondi di economia, periodici di ingegneria e scienze, periodici di economia e statistica e altri fondi comprendenti documenti di economia pervenuti in dono. 912 $aRMS0044915 950 0$aBiblioteca Centralizzata di Ateneo$c1 v.$d 01POZZO LIB.ECON MON 7168$e 0101 0700228075E VMA 1 v. (Precedente collocazione 22 EC 807)$fB $h20220801$i20220801 977 $a 01$a AC$a AH$a AV$a IR 996 $aAbrechnung mit dem Faschismus in Italien, 1943 bis 1948$92883844 997 $aUNISANNIO